| 000 | 00723nam a2200229 i 4500 | ||
|---|---|---|---|
| 001 | bgj | ||
| 100 | 1 | _aGILMARTIN, John G. | |
| 245 | 1 | 0 |
_aGreat names in American history / _cJohn G. Gilmartin and Anna M. Skehan ; ill. by A.K. Bilder and Herbert Joseph. |
| 260 |
_aSacramento : _bCalifornia St. Dep. of Education, _c1956. |
||
| 300 |
_a384 pp : _bill. (incl. colour) ; _c21 cm. |
||
| 490 | 1 | _aCalifornia State Series | |
| 505 | _aIncludes index. | ||
| 651 | 9 |
_aUnited States _xHistory |
|
| 651 | 9 |
_aUnited States _xHistory, Juvenile |
|
| 655 | _aBiographies | ||
| 830 | _aCalifornia State Series | ||
| 020 | _ahbk | ||
| 040 | _cBPK | ||
| 041 | 0 | _aeng | |
| 942 | _cKS | ||
| 008 | s uk f |000 0 eng | ||
| 999 |
_c41272 _d41272 |
||
| 856 |
_uhttp://koha.tu.koszalin.pl/cgi-bin/koha/opac-detail.pl?biblionumber=41272 _yKatalog online BPK |
||